000 00274nam a22001217a 4500
008 171013b xxu||||| |||| 00| 0 eng d
041 _aeng
080 _a316
100 _a51
101 _aSOC
245 _aHANDBOOK OF MODERN SOCIOLOGY
_cFARIS.R.E.L
942 _2udc
_cBK
999 _c33794
_d33794